Quiz piłkarski 4! - Statystyki

Ogólne statystyki
  • Ten quiz został rozwiązany 60 razy
  • Średni wynik to 9 z 20
Statystyki odpowiedzi
Nazwisko i klub zawodnika Imię zawodnika % Poprawnych
Laporte (Man City) Aymeric
79%
McTominay (Man United) Scott
79%
Iwobi (Everton) Alex
77%
Sanchez (Tottenham) Davinson
77%
Kimpembe (PSG) Presnel
67%
De Ligt (Juventus) Matthijs
58%
Corona (Porto) Jesus
56%
Slimani (OL) Islam
49%
Diaby (Bayer) Moussa
49%
Núñez (Benfica) Darwin
47%
Sørloth (RB Lipsk) Alexander
42%
Ryan (Arsenal) Mathew
37%
Escudero (Sevilla) Sergio
35%
Halstenberg (RB Lipsk) Marcel
33%
Benedetto (OM) Dario
30%
Casteels (Wolfsburg) Koen
25%
Tapsoba (Bayer) Edmond
18%
Tsimikas (Liverpool) Konstantinos
18%
Marcal (Wolves) Fernando
12%
Estupinan (Villarreal) Pervis
7%
Nie znaleziono quizów pasujących do podanych kryteriów
Rozkład punktacji
Procent ludzi z każdym wynikiem
Percentyl według liczby udzielonych odpowiedzi
Twoja historia wyników
Nie rozwiązałeś tego quizu